Statistics for Camouflaged Capital Cities

Click here to take the quiz!

General Stats

  • This quiz has been taken 75 times
    (34 since last reset)
  • The average score is 8 of 10

Answer Stats

HintCapital% Correct
My Grandma put on a brave face during her illnessMaputo
95%
I hope that all innkeepers reduce their ratesTallinn
86%
Peanut butter and jam enables good healthN'Djamena
86%
The soldier saw too many wars away from homeWarsaw
86%
My dumb rat is lavatory-trained after just one dayBratislava
86%
Give this woman a massive round of applause!Manama
86%
On the tube, I jingle my bells to other commutersBeijing
86%
The tortoise was just too slow to beat the hareOslo
81%
The chili made by my aunt won the competitionLima
81%
We all drank a rare bottle of Romanée-ContiAnkara
71%

Score Distribution

Percentile by Number Answered

Percent of People with Each Score

Your Score History

You have not taken this quiz since the last reset